[Event "Druga liga CS Istok 2016"]
[Site "?"]
[Date "2016.10.08"]
[Round "9.1"]
[White "IVANOVIC, Zoran M"]
[Black "DJORDJEVIC, Nebojsa"]
[Result "0-1"]
[WhiteElo "2026"]
[BlackElo "2299"]
[PlyCount "42"]
[EventDate "2016.08.26"]

1. e4 d6 2. d4 Nf6 3. Nc3 c6 4. Nf3 g6 5. Be2 Bg7 6. h3 O-O 7. O-O Qc7 8. Be3
Nbd7 9. Qd2 b5 10. a3 Bb7 11. Bh6 a6 12. Bxg7 Kxg7 13. Rfe1 c5 14. e5 dxe5 15.
dxe5 Nxe5 16. Nxe5 Qxe5 17. Bxb5 Qd4 18. Bd3 c4 19. Rxe7 Bc8 20. Rd1 cxd3 21.
Qxd3 Qxd3 0-1

[Event "Druga liga CS Istok 2016"]
[Site "?"]
[Date "2016.10.08"]
[Round "9.1"]
[White "KULAK, Dejan"]
[Black "BLAGOJEVIC, Vladan"]
[Result "1/2-1/2"]
[WhiteElo "2237"]
[BlackElo "2112"]
[PlyCount "28"]
[EventDate "2016.08.26"]

1. e4 c5 2. Nf3 g6 3. c3 Bg7 4. d4 cxd4 5. cxd4 d5 6. e5 Nc6 7. Nc3 Nh6 8. Qb3
O-O 9. Be3 Nf5 10. Rd1 Nxe3 11. fxe3 Bh6 12. Kf2 e6 13. e4 Na5 14. Qc2 f6
1/2-1/2

[Event "Druga liga CS Istok 2016"]
[Site "?"]
[Date "2016.10.08"]
[Round "9.1"]
[White "RADISAVLJEVIC, Dalibor"]
[Black "BOZILOV, Dragan"]
[Result "0-1"]
[WhiteElo "1685"]
[BlackElo "2087"]
[PlyCount "32"]
[EventDate "2016.08.26"]

1. e4 e5 2. Nf3 Nc6 3. Bc4 Nf6 4. Nc3 Bc5 5. O-O O-O 6. d3 h6 7. Be3 Bb6 8. d4
Ng4 9. h3 exd4 10. Bxd4 Nxd4 11. Nxd4 Ne5 12. Bb3 d6 13. Kh2 Qh4 14. Qd2 Bxd4
15. Qxd4 Bxh3 16. Rh1 Qg4 0-1

[Event "Druga liga CS Istok 2016"]
[Site "?"]
[Date "2016.10.08"]
[Round "9.3"]
[White "MINCIC, Srbislav"]
[Black "PANIC, Milan"]
[Result "1/2-1/2"]
[WhiteElo "2205"]
[BlackElo "2288"]
[PlyCount "21"]
[EventDate "2016.08.26"]

1. e4 e5 2. Nf3 Nc6 3. Nc3 Nf6 4. a3 d5 5. Bb5 Nxe4 6. Qe2 Nxc3 7. Qxe5+ Qe7 8.
dxc3 Bd7 9. Qxe7+ Bxe7 10. Bf4 O-O-O 11. O-O 1/2-1/2

[Event "Druga liga CS Istok 2016"]
[Site "?"]
[Date "2016.10.08"]
[Round "9.3"]
[White "PAVLOVIC, Dean"]
[Black "TRICKOVIC, Borivoje"]
[Result "1/2-1/2"]
[WhiteElo "2263"]
[BlackElo "2216"]
[PlyCount "24"]
[EventDate "2016.08.26"]

1. c4 d6 2. Nc3 e5 3. g3 c6 4. d4 Be7 5. Bg2 Nd7 6. Nf3 Ngf6 7. e4 O-O 8. O-O
Re8 9. Re1 Bf8 10. b3 exd4 11. Nxd4 a5 12. h3 Nc5 1/2-1/2

[Event "Druga liga CS Istok 2016"]
[Site "?"]
[Date "2016.10.08"]
[Round "9.5"]
[White "DIMITRIJEVIC, Zoran"]
[Black "DMITROVIC, Tomislav"]
[Result "1/2-1/2"]
[WhiteElo "2113"]
[BlackElo "2258"]
[PlyCount "74"]
[EventDate "2016.08.26"]

1. d4 f5 2. g3 Nf6 3. Bg2 g6 4. Nf3 Bg7 5. O-O O-O 6. c4 d6 7. Nc3 Qe8 8. d5
Na6 9. Nd4 Bd7 10. Rb1 c6 11. e4 fxe4 12. Nxe4 Nxe4 13. Bxe4 Nc7 14. dxc6 bxc6
15. Be3 a5 16. Qd2 Na6 17. a3 Nc5 18. Bg2 a4 19. b4 axb3 20. Nxb3 Na4 21. Bd4
Qf7 22. Bxg7 Qxg7 23. Nd4 Ra6 24. Rb7 Nc5 25. Rxd7 Nxd7 26. Ne6 Qf6 27. Nxf8
Kxf8 28. Qb4 Nc5 29. Qb8+ Kg7 30. Qc8 Rxa3 31. Qxc6 Ra1 32. Qd5 Rxf1+ 33. Bxf1
Qf5 34. h4 Qxd5 35. cxd5 Kf6 36. f4 e5 37. dxe6 Nxe6 1/2-1/2

[Event "Druga liga CS Istok 2016"]
[Site "?"]
[Date "2016.10.08"]
[Round "9.6"]
[White "POPOVIC, Predrag R"]
[Black "ZIVKOVIC, Marko"]
[Result "1/2-1/2"]
[WhiteElo "2257"]
[BlackElo "2216"]
[PlyCount "82"]
[EventDate "2016.08.26"]

1. e4 c6 2. d4 d5 3. Nd2 dxe4 4. Nxe4 Bf5 5. Ng3 Bg6 6. h4 h6 7. h5 Bh7 8. Nf3
Nd7 9. Bd3 Bxd3 10. Qxd3 Ngf6 11. Bd2 e6 12. O-O-O Qc7 13. Ne4 Bd6 14. Nxd6+
Qxd6 15. g3 b5 16. Kb1 Qd5 17. Qe2 a5 18. Ne5 Qe4 19. Qxe4 Nxe4 20. Nxd7 Kxd7
21. Be1 Nf6 22. f3 Nd5 23. Bd2 b4 24. g4 Rac8 25. c4 bxc3 26. bxc3 Nb6 27. Ka1
Nc4 28. Bf4 f6 29. Rhe1 Nd6 30. Bxd6 Kxd6 31. Kb2 Rb8+ 32. Kc2 Rb5 33. a4 Rg5
34. Rb1 Rd8 35. Rb7 Rd7 36. Rxd7+ Kxd7 37. Kd3 Kd6 38. Kc4 Kd7 39. Re2 Kd6 40.
Re1 Kd7 41. Re2 Kd6 1/2-1/2

[Event "Druga liga CS Istok 2016"]
[Site "?"]
[Date "2016.10.08"]
[Round "9.6"]
[White "PETKOVIC, Miodrag"]
[Black "KOSTIC, Tomislav"]
[Result "0-1"]
[WhiteElo "1938"]
[BlackElo "2043"]
[PlyCount "50"]
[EventDate "2016.08.26"]

1. e4 c5 2. Nf3 e6 3. c3 d5 4. exd5 Qxd5 5. d4 Nf6 6. Be2 Nc6 7. dxc5 Bxc5 8.
Qxd5 Nxd5 9. O-O O-O 10. Bc4 Nce7 11. Bg5 f6 12. Bh4 Kh8 13. Nbd2 Nb6 14. Bb3
Nf5 15. Bg3 Nxg3 16. hxg3 e5 17. Ne4 Be7 18. Rad1 Bg4 19. c4 f5 20. Nc3 e4 21.
Rde1 Bf6 22. Nd2 Rfd8 23. Ndb1 Rac8 24. f3 Bd4+ 25. Kh2 Rd6 0-1

[Event "Druga liga CS Istok 2016"]
[Site "Kragujevac"]
[Date "2016.10.08"]
[Round "9.1"]
[White "RADOSAVLJEVIC, Slobodan D"]
[Black "POPCHEV, Milko"]
[Result "0-1"]
[WhiteElo "2195"]
[BlackElo "2283"]
[PlyCount "70"]
[EventDate "2016.08.26"]

1. g3 d5 2. Bg2 g6 3. Nf3 Bg7 4. c4 d4 5. d3 Nf6 6. O-O O-O 7. b4 Nfd7 8. Nbd2
c5 9. b5 Qc7 10. a4 a5 11. Ra2 Ra7 12. e3 dxe3 13. fxe3 b6 14. d4 Nf6 15. Qe2
Nbd7 16. Ba3 Bh6 17. Ne1 Bb7 18. d5 Ne5 19. Bb2 Bc8 20. Nef3 Neg4 21. Ra3 Nh5
22. Ne4 f5 23. Nf2 Nxh2 24. Nxh2 Nxg3 25. Qc2 Nxf1 26. Nxf1 e6 27. Nd3 Bg7 28.
Bxg7 Qxg7 29. dxe6 Bxe6 30. Nf4 Bf7 31. Nd5 Bxd5 32. Bxd5+ Kh8 33. Qc3 Re7 34.
Qxg7+ Kxg7 35. Kg2 h5 0-1

[Event "Druga liga CS Istok 2016"]
[Site "Kragujevac"]
[Date "2016.10.08"]
[Round "9.1"]
[White "RISTIC, Nebojsa B"]
[Black "SPASOJEVIC, Zoran M"]
[Result "1/2-1/2"]
[WhiteElo "2315"]
[BlackElo "2229"]
[PlyCount "74"]
[EventDate "2016.08.26"]

1. d4 Nf6 2. Nf3 e6 3. Bg5 d5 4. e3 Nbd7 5. c4 c6 6. Nc3 Bd6 7. Qc2 h6 8. Bh4
b6 9. cxd5 exd5 10. Bd3 Bb7 11. O-O O-O 12. Rac1 Be7 13. Ne5 Nxe5 14. dxe5 Nd7
15. Bg3 Bh4 16. Bxh4 Qxh4 17. f4 Qe7 18. e4 Nc5 19. exd5 cxd5 20. Rce1 Rac8 21.
Qd2 Nxd3 22. Qxd3 Qc5+ 23. Rf2 Rfd8 24. Rd1 d4 25. Ne4 Bxe4 26. Qxe4 d3 27. Kf1
Rd4 28. Qf3 Rcd8 29. Rfd2 g5 30. g3 Qd5 31. Qxd5 R8xd5 32. fxg5 hxg5 33. Kf2
Kg7 34. Ke3 Rb4 35. b3 a5 36. Rxd3 Rxe5+ 37. Kf2 g4 1/2-1/2

[Event "Druga liga CS Istok 2016"]
[Site "Kragujevac"]
[Date "2016.10.08"]
[Round "9.1"]
[White "DJUKIC, Nebojsa"]
[Black "PETROVIC, Dragoslav"]
[Result "1/2-1/2"]
[WhiteElo "2196"]
[BlackElo "2029"]
[PlyCount "64"]
[EventDate "2016.08.26"]

1. e4 e6 2. d4 d5 3. Nd2 c5 4. exd5 exd5 5. Ngf3 Bd6 6. dxc5 Bxc5 7. Nb3 Bb6 8.
Be2 Ne7 9. c3 Nbc6 10. Bg5 O-O 11. O-O f6 12. Bf4 Re8 13. h3 Ng6 14. Bg3 Be6
15. Re1 Qd7 16. Nbd4 Nxd4 17. Nxd4 Bf7 18. Bb5 Rxe1+ 19. Qxe1 Qe7 20. Qxe7 Nxe7
21. Re1 Ng6 22. Nf5 a6 23. Ba4 Bc5 24. Bb3 Rd8 25. Kf1 Kf8 26. f3 Ne7 27. Nxe7
Bxe7 28. Bf2 b5 29. a3 Bd6 30. Bd4 Bg3 31. Bc5+ Bd6 32. Bxd6+ Rxd6 1/2-1/2

[Event "Druga liga CS Istok 2016"]
[Site "Kragujevac"]
[Date "2016.10.08"]
[Round "9.3"]
[White "DINIC, Dragan"]
[Black "DELCHEV, Aleksander"]
[Result "0-1"]
[WhiteElo "2309"]
[BlackElo "2591"]
[PlyCount "170"]
[EventDate "2016.08.26"]

1. e4 g6 2. d4 Bg7 3. Nc3 c6 4. Nf3 d5 5. h3 Nf6 6. Bd3 dxe4 7. Nxe4 Nxe4 8.
Bxe4 O-O 9. c3 Nd7 10. O-O a5 11. Re1 a4 12. Bf4 Nf6 13. Bc2 Nd5 14. Bd2 b5 15.
Qc1 Qd6 16. a3 c5 17. Bh6 Bb7 18. Bxg7 Kxg7 19. Qg5 Rac8 20. Be4 h6 21. Qh4 Rc7
22. dxc5 Qxc5 23. Bxd5 Bxd5 24. Qd4+ Qxd4 25. Nxd4 e6 26. Re3 Rc5 27. Rae1 g5
28. g3 Kf6 29. f3 Bb7 30. Kf2 e5 31. Nc2 Rd8 32. Nb4 Rd2+ 33. R3e2 Rxe2+ 34.
Rxe2 Ke6 35. Rd2 Rc8 36. g4 f6 37. Ke3 Rc4 38. Nd3 e4 39. fxe4 Bxe4 40. Nf2 Bb7
41. Nd3 h5 42. gxh5 Be4 43. Nf2 Bf5 44. Rd4 Rc8 45. h6 Rh8 46. Ng4 Bc2 47. Rb4
f5 48. Nf2 Rxh6 49. Rxb5 Rh8 50. c4 Rc8 51. Kd4 Bb3 52. Rb6+ Kf7 53. c5 Rd8+
54. Rd6 Rxd6+ 55. cxd6 Ke6 56. d7 Kxd7 57. Ke5 Be6 58. Kf6 g4 59. hxg4 fxg4 60.
Ne4 Bd5 61. Ng3 Kd6 62. Kf5 Bf3 63. Kf4 Kd5 64. Ke3 Kc4 65. Kd2 Kb3 66. Kc1 Bd5
67. Nf5 Be4 68. Ng3 Bd3 69. Kd2 Ba6 70. Kc1 Kc4 71. Kc2 Bc8 72. Ne2 Bf5+ 73.
Kd2 Bd7 74. Kc2 Be8 75. Kd2 Kb3 76. Kc1 Bg6 77. Ng3 Kc4 78. Ne2 Bd3 79. Ng3 Kd4
80. Kd2 Bb5 81. Kc2 Ke3 82. b3 Bd3+ 83. Kc3 axb3 84. Kxb3 Kf3 85. Nh5 Bg6 0-1

[Event "Druga liga CS Istok 2016"]
[Site "Kragujevac"]
[Date "2016.10.08"]
[Round "9.3"]
[White "PETROV, Georgi"]
[Black "DODIC, Dragan"]
[Result "1-0"]
[WhiteElo "2181"]
[BlackElo "2042"]
[PlyCount "123"]
[EventDate "2016.08.26"]

1. d4 d5 2. c4 e6 3. cxd5 exd5 4. Nc3 Nf6 5. Bg5 Be7 6. Qc2 c6 7. e3 Nbd7 8.
Nf3 O-O 9. Bd3 Re8 10. O-O Nf8 11. Bxf6 Bxf6 12. b4 Bg4 13. Nd2 Be7 14. b5 c5
15. dxc5 Bxc5 16. h3 Be6 17. Nb3 Bb6 18. Ne2 Rc8 19. Qd2 Qg5 20. Nf4 Bc7 21.
Nd4 Qe5 22. Rfd1 Red8 23. Rac1 g5 24. Nf3 Qg7 25. Nxe6 fxe6 26. Qb4 h5 27. g3
Qf6 28. Kg2 Kg7 29. e4 Bd6 30. Qe1 Rxc1 31. Rxc1 Nd7 32. exd5 exd5 33. Qe3 Ne5
34. Nxe5 Qxe5 35. Qxa7 Rd7 36. Rc2 Rf7 37. Re2 Qf6 38. Qe3 b6 39. f3 Bc5 40.
Qe5 d4 41. Bc4 Re7 42. Qxf6+ Kxf6 43. Rxe7 Kxe7 44. f4 gxf4 45. gxf4 h4 46. Kf3
d3 47. Bxd3 Kf6 48. Ke4 Ke6 49. Be2 Be7 50. Bg4+ Kf6 51. Kd5 Bc5 52. Kc6 Be3
53. a4 Kg6 54. Kb7 Kf7 55. Ka6 Kf6 56. f5 Ke5 57. a5 bxa5 58. Kxa5 Kd6 59. f6
Bd4 60. f7 Ke7 61. Be6 Bg7 62. b6 1-0

[Event "Druga liga CS Istok 2016"]
[Site "Kragujevac"]
[Date "2016.10.08"]
[Round "9.3"]
[White "PETROVIC, Petar R"]
[Black "STANOJEVIC, Ilija"]
[Result "1/2-1/2"]
[WhiteElo "1958"]
[BlackElo "2078"]
[PlyCount "69"]
[EventDate "2016.08.26"]

1. e4 e6 2. d4 d5 3. exd5 exd5 4. Bd3 Nc6 5. c3 Bd6 6. Nf3 Nge7 7. Bg5 Bg4 8.
Nbd2 Qd7 9. h3 Bf5 10. Nb3 O-O-O 11. Qd2 h6 12. Be3 Be4 13. O-O-O Nf5 14. Bxe4
dxe4 15. Ne1 Nxe3 16. fxe3 f5 17. Rf1 g5 18. Qe2 Rde8 19. Qb5 f4 20. Nc2 a6 21.
Qc4 Nd8 22. d5 Qb5 23. Qxb5 axb5 24. Nbd4 fxe3 25. Nxe3 Bf4 26. Kd2 Re5 27. Ke2
Bxe3 28. Kxe3 Rxd5 29. Kxe4 c6 30. Rf5 Re8+ 31. Kf3 Rd6 32. Kf2 b4 33. Re1 Rxe1
34. Kxe1 bxc3 35. bxc3 1/2-1/2

[Event "Druga liga CS Istok 2016"]
[Site "Kragujevac"]
[Date "2016.10.08"]
[Round "9.3"]
[White "DIMITRIJEVIC, Dusan"]
[Black "VELIKIC, Vule"]
[Result "1-0"]
[WhiteElo "2137"]
[BlackElo "1789"]
[PlyCount "101"]
[EventDate "2016.08.26"]

1. e4 c6 2. d4 d5 3. Nc3 dxe4 4. Nxe4 Nd7 5. Nf3 Ngf6 6. Ng3 g6 7. Bd3 Bg7 8.
Bg5 Qa5+ 9. c3 h6 10. Bd2 Qc7 11. Qc1 b6 12. Bf4 Qd8 13. O-O Nd5 14. Bd2 Bb7
15. c4 N5f6 16. Re1 e6 17. Bf4 Qe7 18. Rb1 g5 19. Nf5 Qf8 20. Nd6+ Ke7 21. Bg3
Nh5 22. Nxb7 Nxg3 23. c5 bxc5 24. hxg3 g4 25. Ne5 Bxe5 26. dxe5 Qg7 27. Qe3 h5
28. Nxc5 Nb6 29. Ne4 Qxe5 30. Rbc1 Rac8 31. Qc5+ Qxc5 32. Rxc5 Rhd8 33. Ba6 Rc7
34. Rxh5 Rd4 35. b3 Nd5 36. Nc5 Rd2 37. Rh7 Kf8 38. a4 Kg8 39. Rh4 Nf6 40. Ne4
Nxe4 41. Rxe4 Rd1+ 42. Kh2 Rcd7 43. Rhxg4+ Kf8 44. Rgf4 Rc1 45. Rxe6 Rdd1 46.
g4 Rh1+ 47. Kg3 Rc3+ 48. f3 Rxb3 49. Ref6 Rb2 50. Rxf7+ Ke8 51. Rxa7 1-0

[Event "Druga liga CS Istok 2016"]
[Site "Kragujevac"]
[Date "2016.10.08"]
[Round "9.3"]
[White "MILUTINOVIC, Bojan"]
[Black "TONIC, Milos"]
[Result "0-1"]
[WhiteElo "1779"]
[BlackElo "2043"]
[PlyCount "68"]
[EventDate "2016.08.26"]

1. e4 c6 2. d4 d5 3. Nc3 dxe4 4. Nxe4 Bf5 5. Ng3 Bg6 6. h4 h6 7. h5 Bh7 8. Nf3
Nd7 9. Bd3 Bxd3 10. Qxd3 e6 11. Bd2 Ngf6 12. Ne4 Nxe4 13. Qxe4 Nf6 14. Qe2 Qd5
15. Qe5 Bd6 16. Qxd5 cxd5 17. O-O-O Ne4 18. Be3 a5 19. Nd2 Nf6 20. f3 a4 21. a3
b5 22. c3 Rc8 23. Kb1 Kd7 24. g4 Kc6 25. Rdg1 Kb6 26. f4 Ka6 27. Nf3 Bxa3 28.
bxa3 Rxc3 29. Ne5 Rxe3 30. Nxf7 Rf8 31. Ne5 Ne4 32. f5 Rb3+ 33. Kc1 Rc8+ 34.
Kd1 Nf2+ 0-1

[Event "Druga liga CS Istok 2016"]
[Site "Kragujevac"]
[Date "2016.10.08"]
[Round "9.3"]
[White "MITIC, Ivan M"]
[Black "JANKOVIC, Milan"]
[Result "1-0"]
[WhiteElo "1919"]
[BlackElo "1668"]
[PlyCount "55"]
[EventDate "2016.08.26"]

1. Nf3 d5 2. d4 Nf6 3. Bf4 e6 4. e3 c6 5. c3 Bd6 6. Bxd6 Qxd6 7. Bd3 O-O 8. O-O
Nbd7 9. Nbd2 e5 10. dxe5 Nxe5 11. Nxe5 Qxe5 12. Nf3 Qe7 13. h3 Ne4 14. c4 Rd8
15. Qc2 Ng5 16. Nxg5 Qxg5 17. f4 Qh6 18. Kh2 dxc4 19. Bxc4 Be6 20. Rad1 Qf6 21.
Bd3 h6 22. Be4 Bxa2 23. Rxd8+ Rxd8 24. Ra1 Bd5 25. Bxd5 Rxd5 26. Rxa7 Rd7 27.
Qe4 Qe6 28. Ra8+ 1-0

[Event "Druga liga CS Istok 2016"]
[Site "Kragujevac"]
[Date "2016.10.08"]
[Round "9.5"]
[White "DRASKO, Milan"]
[Black "BULATOVIC, Nikola"]
[Result "1-0"]
[WhiteElo "2453"]
[BlackElo "2101"]
[PlyCount "37"]
[EventDate "2016.08.26"]

1. Nf3 g6 2. g3 Bg7 3. d4 Nf6 4. Bg2 O-O 5. O-O d5 6. c4 c6 7. b3 b5 8. cxb5
cxb5 9. Bf4 Nc6 10. Nc3 a6 11. Rc1 Bb7 12. Qd3 Rc8 13. Ne5 e6 14. Qd2 Qb6 15.
e3 Nxe5 16. Bxe5 Ne4 17. Nxe4 Bxe5 18. Nc5 Bd6 19. Nd7 1-0

[Event "Druga liga CS Istok 2016"]
[Site "Kragujevac"]
[Date "2016.10.08"]
[Round "9.5"]
[White "ZAFIROVSKI, Mite"]
[Black "BANJOVIC, Sasa"]
[Result "1/2-1/2"]
[WhiteElo "2241"]
[BlackElo "2180"]
[PlyCount "64"]
[EventDate "2016.08.26"]

1. d4 e6 2. c4 f5 3. g3 Nf6 4. Bg2 Be7 5. Nf3 d6 6. O-O O-O 7. Nc3 Ne4 8. Qc2
Nxc3 9. bxc3 Nd7 10. e4 Nf6 11. exf5 exf5 12. d5 Ne4 13. Nd4 Nc5 14. Nb3 b6 15.
Be3 f4 16. Bxf4 Bf5 17. Qd2 Nd3 18. Nd4 Nxf4 19. Qxf4 Bd3 20. Qg4 Bf6 21. Rfd1
Bg6 22. Be4 Bxd4 23. cxd4 Qf6 24. Rd2 Bxe4 25. Qxe4 Rae8 26. Qd3 Qf3 27. Qxf3
Rxf3 28. Rc1 Re4 29. c5 Re7 30. cxd6 cxd6 31. Rc6 Rd7 32. Rb2 Ra3 1/2-1/2

[Event "Druga liga CS Istok 2016"]
[Site "Kragujevac"]
[Date "2016.10.08"]
[Round "9.5"]
[White "VUKASINOVIC, Sasa"]
[Black "TRIFUNOVIC, Miroljub"]
[Result "0-1"]
[WhiteElo "2051"]
[BlackElo "2220"]
[PlyCount "48"]
[EventDate "2016.08.26"]

1. e4 e5 2. Nf3 Nc6 3. Bc4 Bc5 4. O-O Nf6 5. d4 Nxd4 6. Nxe5 Ne6 7. Nc3 d6 8.
Nf3 a6 9. e5 dxe5 10. Qxd8+ Nxd8 11. Nxe5 Be6 12. Bxe6 Nxe6 13. Nd3 Bb6 14. Bf4
O-O-O 15. Be5 Ng4 16. Bg3 Nd4 17. Rac1 f6 18. h3 Nh6 19. Nf4 Nhf5 20. Nfd5 Ne2+
21. Nxe2 Rxd5 22. Bf4 g5 23. Nc3 Rd7 24. Be3 Nxe3 0-1

[Event "Druga liga CS Istok 2016"]
[Site "Kragujevac"]
[Date "2016.10.08"]
[Round "9.5"]
[White "TURUDIC, Nenad"]
[Black "DJORDJEVIC, Miroslav"]
[Result "1-0"]
[WhiteElo "2182"]
[BlackElo "1963"]
[PlyCount "79"]
[EventDate "2016.08.26"]

1. e4 c6 2. Nf3 d5 3. Nc3 dxe4 4. Nxe4 Nf6 5. Nxf6+ exf6 6. d4 Bd6 7. Bd3 Bg4
8. Qe2+ Qe7 9. Qxe7+ Bxe7 10. Nh4 O-O 11. O-O Re8 12. Re1 Nd7 13. Bd2 Bd6 14.
Bf5 Bxf5 15. Nxf5 Bf8 16. Bf4 g6 17. Nd6 Bxd6 18. Bxd6 Re6 19. Rxe6 fxe6 20. c4
Nb6 21. b3 Rd8 22. Bc5 Kf7 23. Kf1 Nc8 24. Rd1 b6 25. Ba3 c5 26. Bb2 Ne7 27.
Ke2 cxd4 28. Rxd4 Rxd4 29. Bxd4 e5 30. Be3 Ke6 31. f3 Kd6 32. Kd3 Nf5 33. Bf2
Kc6 34. b4 Nd6 35. c5 bxc5 36. Bxc5 a6 37. Bxd6 Kxd6 38. Kc4 f5 39. a4 g5 40.
g4 1-0

[Event "Druga liga CS Istok 2016"]
[Site "Kragujevac"]
[Date "2016.10.08"]
[Round "9.1"]
[White "MILIC, Ivica"]
[Black "STANKOVIC, Dejan"]
[Result "0-1"]
[WhiteElo "1995"]
[BlackElo "2246"]
[PlyCount "36"]
[EventDate "2016.08.26"]

1. e4 e5 2. Nf3 Nf6 3. Nc3 Bb4 4. Nd5 Nxd5 5. exd5 e4 6. Nd4 O-O 7. c3 Bc5 8.
Nc2 Re8 9. Be2 Qg5 10. d4 Qxg2 11. Rf1 Bd6 12. Be3 f5 13. f4 exf3 14. Rxf3 Bxh2
15. Kd2 f4 16. Bf2 d6 17. Qh1 Bh3 18. Rxh3 Qxh3 0-1

[Event "Druga liga CS Istok 2016"]
[Site "Kragujevac"]
[Date "2016.10.08"]
[Round "9.5"]
[White "MILOSEVIC, Jovana"]
[Black "VESELINOV, Ivica"]
[Result "1-0"]
[WhiteElo "2081"]
[BlackElo "1940"]
[PlyCount "51"]
[EventDate "2016.08.26"]

1. Nf3 Nf6 2. c4 c5 3. d4 g6 4. Nc3 Bg7 5. e4 cxd4 6. Nxd4 d6 7. Be2 O-O 8. O-O
a6 9. Be3 Nc6 10. Qd2 Ng4 11. Bxg4 Bxg4 12. Rac1 Rc8 13. b3 Bd7 14. Nd5 e6 15.
Nc3 Qc7 16. Nde2 Rfd8 17. Na4 Qb8 18. Nb6 Rc7 19. Qxd6 Be8 20. Qg3 Be5 21. Bf4
Bxf4 22. Qxf4 Nb4 23. Rcd1 Nxa2 24. Qf6 Bd7 25. Rd2 Nb4 26. Rfd1 1-0

[Event "Druga liga CS Istok 2016"]
[Site "Kragujevac"]
[Date "2016.10.08"]
[Round "9.6"]
[White "LIVAJA, Mario"]
[Black "BURA, Goran"]
[Result "1-0"]
[WhiteElo "2218"]
[BlackElo "2214"]
[PlyCount "109"]
[EventDate "2016.08.26"]

1. d4 Nf6 2. c4 g6 3. Nc3 Bg7 4. e4 d6 5. Nf3 O-O 6. Be2 Qe8 7. O-O e5 8. d5 a5
9. Ne1 Na6 10. Nd3 Nd7 11. Be3 f5 12. f3 b6 13. a3 Nac5 14. Nb5 Qd8 15. Nxc5
bxc5 16. a4 f4 17. Bd2 Nb8 18. Bc3 Rf7 19. Qd2 g5 20. Bxa5 h5 21. h3 Bf6 22.
Bd1 Na6 23. Kf2 Rg7 24. Ke2 g4 25. hxg4 hxg4 26. Kd3 Bh4 27. Rh1 Bg3 28. Kc2
Qf6 29. b3 Qg6 30. Kb2 Bb7 31. Bc2 Rf8 32. Raf1 Rff7 33. Bc3 Rh7 34. Na7 Bh2
35. fxg4 Qxg4 36. Bd1 Qg6 37. Bf3 Rfg7 38. Ka3 Qe8 39. Qe2 Qd7 40. Rd1 Nb8 41.
Nb5 Bc8 42. Ba5 Na6 43. Na7 Bb7 44. Qd2 Kf8 45. Qe2 Kg8 46. Bh5 Bg3 47. Rh3 Nb8
48. Nb5 Na6 49. Rdh1 Bc8 50. Na7 Bb7 51. Qd1 Nb8 52. Bg4 Qe7 53. Be6+ Kf8 54.
Rxh7 Rxh7 55. Qg4 1-0

[Event "Druga liga CS Istok 2016"]
[Site "Kragujevac"]
[Date "2016.10.08"]
[Round "9.6"]
[White "MICKOVIC, Slavisa"]
[Black "ZIVKOVIC, Dragan"]
[Result "1-0"]
[WhiteElo "2150"]
[BlackElo "2149"]
[PlyCount "63"]
[EventDate "2016.08.26"]

1. d4 Nf6 2. Nf3 d6 3. Bf4 c6 4. c3 Bg4 5. e3 Nbd7 6. h3 Bxf3 7. Qxf3 e5 8. Bh2
e4 9. Qd1 Qb6 10. Qc2 d5 11. Be2 Be7 12. O-O O-O 13. c4 dxc4 14. Bxc4 c5 15. d5
Bd6 16. Bxd6 Qxd6 17. Nc3 a6 18. a4 Rfe8 19. Rfd1 Re7 20. a5 g6 21. Ra4 Rae8
22. Be2 h5 23. Qb3 Rb8 24. Qa3 Rc8 25. Rc4 b5 26. axb6 Nxb6 27. Rcd4 Rd8 28.
R4d2 Ra8 29. b3 Nfd7 30. Rb1 f5 31. Na4 Kh7 32. Nb2 $138 1-0

[Event "Druga liga CS Istok 2016"]
[Site "Kragujevac"]
[Date "2016.10.08"]
[Round "9.6"]
[White "ZIVIC, Dragan"]
[Black "NJEGIC, Vladimir"]
[Result "1/2-1/2"]
[WhiteElo "2204"]
[BlackElo "2123"]
[PlyCount "107"]
[EventDate "2016.08.26"]

1. e4 d6 2. d4 Nf6 3. Nc3 Nbd7 4. Nf3 e5 5. Bc4 Be7 6. O-O Nb6 7. Be2 exd4 8.
Nxd4 O-O 9. a4 a5 10. Bf4 c6 11. Qd3 d5 12. e5 Ne8 13. Nf5 Bxf5 14. Qxf5 g6 15.
Qh3 f5 16. exf6 Bxf6 17. Bh6 Bg7 18. Rae1 Qf6 19. Bd3 Bxh6 20. Qxh6 Ng7 21. Qh3
Rae8 22. Rxe8 Rxe8 23. Qg3 Qe5 24. Qxe5 Rxe5 25. f4 Re7 26. g4 Ne8 27. b3 Kg7
28. Kg2 Nd7 29. Kf3 Nc5 30. h4 Nd6 31. Ne2 Nde4 32. Bxe4 Nxe4 33. Rd1 Kf6 34.
Nd4 c5 35. g5+ Kf7 36. Ne2 d4 37. Rd3 b6 38. c3 dxc3 39. Nxc3 Nxc3 40. Rxc3 Re1
41. Rd3 Rb1 42. Rd7+ Kg8 43. Ke4 Rxb3 44. f5 gxf5+ 45. Ke5 Re3+ 46. Kxf5 Re8
47. Rc7 Rf8+ 48. Ke6 Re8+ 49. Kd6 Re4 50. h5 Rg4 51. Ke6 Rxg5 52. Kf6 h6 53.
Rc8+ Kh7 54. Rc7+ 1/2-1/2

[Event "Druga liga CS Istok 2016"]
[Site "Kragujevac"]
[Date "2016.10.08"]
[Round "9.6"]
[White "KOSTIC, Marko"]
[Black "NIKOLIC, Mila"]
[Result "1-0"]
[WhiteElo "1987"]
[BlackElo "1930"]
[PlyCount "47"]
[EventDate "2016.08.26"]

1. d4 d5 2. Bf4 c6 3. e3 e6 4. c4 f5 5. Nf3 Nf6 6. h3 Be7 7. Nc3 Nbd7 8. Bd3
Ne4 9. Ne5 Ndf6 10. c5 Bd7 11. g4 g6 12. g5 Nh5 13. h4 b6 14. Be2 Ng7 15. Nxe4
fxe4 16. h5 bxc5 17. hxg6 Bxg5 18. Bxg5 Qxg5 19. gxh7 cxd4 20. exd4 Ke7 21. Qd2
Qxd2+ 22. Kxd2 Be8 23. Rag1 Nf5 24. Rg8 1-0

[Event "Druga liga CS Istok 2016"]
[Site "Kragujevac"]
[Date "2016.10.08"]
[Round "9.6"]
[White "PETROVIC, Dusan"]
[Black "DUBRAVCIC, Nikola"]
[Result "1-0"]
[WhiteElo "1798"]
[BlackElo "1823"]
[PlyCount "87"]
[EventDate "2016.08.26"]

1. e4 d6 2. Nf3 Nf6 3. c3 c6 4. Qc2 e5 5. d4 Qc7 6. Be2 Be7 7. O-O O-O 8. Nbd2
Nbd7 9. Re1 Re8 10. Nf1 Nf8 11. h3 Ng6 12. dxe5 dxe5 13. Be3 h6 14. Bc4 b5 15.
Bb3 c5 16. Qe2 Bb7 17. Ng3 Bc6 18. Bc2 Qb7 19. Rad1 a6 20. Bc1 Bf8 21. c4 Nf4
22. Qe3 bxc4 23. Qc3 Ng6 24. Qxc4 Qb5 25. Bb3 Qb7 26. Bd2 Bb5 27. Qc2 Qc6 28.
a4 c4 29. axb5 axb5 30. Qc3 Rec8 31. Rc1 Qe6 32. Bc2 b4 33. Qe3 Nf4 34. Nxe5
Nxh3+ 35. gxh3 Qxe5 36. Nf5 c3 37. bxc3 bxc3 38. Qf4 Qe6 39. Be3 Ra2 40. e5 Nd5
41. Qe4 Qg6+ 42. Kh1 Nxe3 43. fxe3 Qh7 44. Ne7+ 1-0